[Event "World Youth Girls U18 2014"]
[Site "Durban RSA"]
[Date "2014.09.23"]
[Round "5.16"]
[White "Domingos, Maria M"]
[Black "Dziodzio, Angelika"]
[Result "0-1"]
[WhiteElo "1737"]
[BlackElo "1991"]
[WhiteFideId "10100768"]
[BlackFideId "1170643"]
[EventDate "2014.09.20"]

1. e4 c5 2. Nf3 d6 3. d4 cxd4 4. Nxd4 Nf6 5. Bd3 Nc6 6. Nf3 h6 7. b3 e6 8. Be3
Be7 9. O-O O-O 10. Re1 a6 11. h3 b5 12. Nh2 Qc7 13. Bf4 Bb7 14. Re3 e5 15. Bg3
Nd4 16. Nc3 Ne6 17. Rc1 Nh5 18. Nf3 Qb6 0-1

[Event "World Youth Girls U18 2014"]
[Site "Durban RSA"]
[Date "2014.09.23"]
[Round "5.18"]
[White "Ichimura G. Barbosa, Larissa Y."]
[Black "February, Jesse Nikki"]
[Result "1-0"]
[WhiteElo "1952"]
[BlackElo "1688"]
[WhiteFideId "2126753"]
[BlackFideId "14312336"]
[EventDate "2014.09.20"]

1. e4 e6 2. d4 d5 3. e5 c5 4. c3 Nc6 5. Nf3 Qb6 6. Be2 Nh6 7. Bxh6 Qxb2 8. Qd2
Qxa1 9. O-O gxh6 10. Na3 Qxf1+ 11. Bxf1 cxd4 12. Nb5 dxc3 13. Qxc3 Kd8 14. Nd6
Ke7 15. Nd4 Nxd4 16. Qxd4 f6 17. Qb4 fxe5 18. Nxc8+ Kd7 19. Qxb7+ 1-0

[Event "World Youth Girls U18 2014"]
[Site "Durban RSA"]
[Date "2014.09.23"]
[Round "5.21"]
[White "Abdi, Zineb Dina"]
[Black "Koh, Clarise"]
[Result "1-0"]
[WhiteTitle "WIM"]
[WhiteElo "1911"]
[BlackElo "1446"]
[WhiteFideId "7900880"]
[BlackFideId "3200388"]
[EventDate "2014.09.20"]

1. e4 c5 2. Nf3 a6 3. c4 Nc6 4. d4 cxd4 5. Nxd4 e5 6. Nc2 Nf6 7. Nc3 Bc5 8. Be3
b6 9. Be2 Bb7 10. O-O Ne7 11. f3 O-O 12. Bxc5 bxc5 13. Qd6 Rc8 14. Qxe5 d6 15.
Qf4 Ng6 16. Qd2 Qe7 17. Ne3 Rfd8 18. Rad1 Nf4 19. Ned5 N6xd5 20. Nxd5 Bxd5 21.
cxd5 Nxe2+ 22. Qxe2 Qb7 23. Rd2 Re8 24. Qc4 Re7 25. Rc1 a5 26. Rc3 Rce8 27. Rb3
Qc7 28. Re2 f5 29. Rbe3 f4 30. Rb3 Re5 31. g4 Qf7 32. Qa6 h5 33. h3 Qf6 34. Rf2
Qh4 35. Qf1 Qg3+ 36. Qg2 h4 37. Rb6 Rd8 38. Re2 Re7 39. a3 Kf7 40. Kf1 Red7 41.
Rc2 Re8 42. Rc3 Ra8 43. a4 Ke7 44. Rcb3 Kf6 45. R3b5 Qxg2+ 46. Kxg2 Ke5 47. Kf2
Kd4 48. Ke2 c4 49. Rc6 g5 50. Kd2 Raa7 51. b4 Rdb7 52. Rxb7 Rxb7 53. b5 Rd7 54.
b6 Rb7 55. Rxd6 c3+ 56. Kc2 Ke3 57. e5 Kxf3 58. e6 Kg2 59. Rd7 Rxd7 60. exd7 f3
61. d8=Q f2 62. Qf6 f1=Q 63. Qxf1+ Kxf1 64. b7 Kg2 65. b8=Q Kxh3 66. d6 Kxg4 67.
d7 h3 68. d8=Q h2 69. Qxh2 Kf5 70. Qd5+ Kg6 1-0

[Event "World Youth Girls U18 2014"]
[Site "Durban RSA"]
[Date "2014.09.23"]
[Round "5.22"]
[White "Iher, Mirjam"]
[Black "Rodsmoen, Maud"]
[Result "0-1"]
[WhiteElo "1389"]
[BlackElo "1901"]
[WhiteFideId "4503627"]
[BlackFideId "1510550"]
[EventDate "2014.09.20"]

1. e4 c5 2. d4 cxd4 3. c3 dxc3 4. Nxc3 Nc6 5. Nf3 d6 6. Bc4 e6 7. Qe2 Nge7 8.
O-O Ng6 9. Rd1 a6 10. Be3 Be7 11. Bd4 O-O 12. Rac1 b5 13. Bb3 Nxd4 14. Rxd4 Qb6
15. a4 b4 16. Na2 a5 17. Rdc4 Ba6 18. Rc6 0-1

[Event "World Youth Girls U18 2014"]
[Site "Durban RSA"]
[Date "2014.09.23"]
[Round "5.24"]
[White "Adanmis, Ezgi"]
[Black "Kahancova, Jana"]
[Result "1-0"]
[WhiteElo "1546"]
[BlackElo "1717"]
[WhiteFideId "6360017"]
[BlackFideId "14915987"]
[EventDate "2014.09.20"]

1. e4 c6 2. d4 d5 3. Nc3 dxe4 4. Nxe4 Nf6 5. Nxf6+ gxf6 6. Nf3 Bg4 7. Be2 e6 8.
h3 Bh5 9. Be3 Bd6 10. Qd2 Qc7 11. O-O-O Nd7 12. g4 Bg6 13. Nh4 O-O-O 14. f4 Be4
15. Rhf1 c5 16. Bf3 Bxf3 17. Nxf3 Nb6 18. Ne1 Nd5 19. dxc5 Bxc5 20. Bxc5 Qxc5
21. Rf3 Rd7 22. Rc3 Nxc3 23. Qxd7+ Kb8 24. bxc3 Qxc3 25. Qd6+ Kc8 26. Rd3 1-0

[Event "World Youth Girls U18 2014"]
[Site "Durban RSA"]
[Date "2014.09.23"]
[Round "5.30"]
[White "Engelbrecht, Liezl"]
[Black "Bernstein, Olivia"]
[Result "1/2-1/2"]
[BlackTitle "WCM"]
[WhiteElo "1479"]
[BlackElo "1645"]
[WhiteFideId "14310830"]
[BlackFideId "14307332"]
[EventDate "2014.09.20"]

1. d4 Nf6 2. c4 g6 3. Nc3 Bg7 4. e4 d6 5. Nf3 O-O 6. Be2 Na6 7. O-O e5 8. Rb1
exd4 9. Nxd4 Nc5 10. f3 Re8 11. Be3 a6 12. Bf2 Ne6 13. Qc2 Nh5 14. Nxe6 Bxe6 15.
Rfd1 Bd7 16. Nd5 Nf6 17. Bh4 h6 18. Bxf6 Bxf6 19. c5 Bc6 20. cxd6 Qxd6 1/2-1/2

[Event "World Youth Girls U18 2014"]
[Site "Durban RSA"]
[Date "2014.09.23"]
[Round "6.1"]
[White "Osmanodja, Filiz"]
[Black "Rodionova, Polina"]
[Result "1-0"]
[WhiteTitle "WIM"]
[BlackTitle "WFM"]
[WhiteElo "2310"]
[BlackElo "2090"]
[WhiteFideId "24633569"]
[BlackFideId "24102555"]
[EventDate "2014.09.20"]

1. e4 e5 2. Nf3 Nc6 3. Bb5 Nge7 4. c3 g6 5. d4 exd4 6. cxd4 a6 7. Ba4 b5 8. Bc2
Bg7 9. d5 Na5 10. Bd2 Bxb2 11. Bxa5 Bxa1 12. Nc3 Bb2 13. d6 Nc6 14. Nd5 O-O 15.
Bxc7 Qe8 16. O-O Qe6 17. Qb1 Bg7 18. Bb3 Qg4 19. h3 Qh5 20. Rc1 Nd4 21. Ne7+ Kh8
22. Nxd4 Bxd4 23. Bd5 Ra7 24. Bb6 Bxb6 25. Qa1+ f6 26. Rxc8 1-0

[Event "World Youth Girls U18 2014"]
[Site "Durban RSA"]
[Date "2014.09.23"]
[Round "6.2"]
[White "Velikic, Adela"]
[Black "Saduakassova, Dinara"]
[Result "0-1"]
[BlackTitle "WGM"]
[WhiteElo "2175"]
[BlackElo "2409"]
[WhiteFideId "913553"]
[BlackFideId "13700090"]
[EventDate "2014.09.20"]

1. e4 c5 2. Nf3 d6 3. d4 cxd4 4. Nxd4 Nf6 5. Nc3 e6 6. Be2 Be7 7. O-O O-O 8. f4
Nc6 9. Be3 e5 10. fxe5 dxe5 11. Nxc6 bxc6 12. Qxd8 Rxd8 13. Bc4 Ng4 14. Rxf7
Nxe3 15. Bb3 Bc5 16. Rd7+ Nc4+ 0-1

[Event "World Youth Girls U18 2014"]
[Site "Durban RSA"]
[Date "2014.09.23"]
[Round "6.3"]
[White "Marikova, Jana"]
[Black "Rodriguez Rueda, Paula Andrea"]
[Result "1/2-1/2"]
[BlackTitle "WIM"]
[WhiteElo "2188"]
[BlackElo "2349"]
[WhiteFideId "334138"]
[BlackFideId "4404564"]
[EventDate "2014.09.20"]

1. d4 Nf6 2. c4 e6 3. Nf3 d5 4. Nc3 Be7 5. Bg5 h6 6. Bh4 O-O 7. e3 b6 8. Qb3 Bb7
9. cxd5 exd5 10. Rd1 Re8 11. Bd3 Nbd7 12. O-O a5 13. Rfe1 Qc8 14. Bb1 Bb4 15. a3
Bxc3 16. Qxc3 Ne4 17. Qc2 c5 18. Nd2 cxd4 19. Nxe4 dxe4 20. Rxd4 Nc5 21. b4 axb4
22. axb4 Ne6 23. Rc4 Qd7 24. Rd1 Qb5 25. h3 Rec8 26. Rxc8+ Rxc8 27. Qb3 Nc5 28.
Qa3 Na4 29. Rd8+ Rxd8 30. Bxd8 Qc6 31. Ba2 Nc3 32. Qb3 Nxa2 33. Qxa2 Qd6 34. Qa7
Qxd8 35. Qxb7 Qd1+ 36. Kh2 Qd6+ 37. g3 Qxb4 38. Qc8+ Qf8 39. Qb7 Qc5 40. Qa8+
Kh7 41. Qxe4+ f5 42. Qd3 b5 43. Kg2 b4 44. g4 Qc6+ 45. f3 Qg6 46. Qb5 fxg4 47.
Qxb4 gxh3+ 48. Kxh3 Qe6+ 49. Kg3 Qxe3 50. Qb1+ Kg8 51. Qf5 Qe7 52. Kg4 Qf7 53.
Qe4 g6 54. f4 Qf6 55. Qe8+ Kg7 56. Qd7+ Qf7 57. Qd4+ Kh7 58. Qe5 Qg7 59. Qd6 h5+
60. Kh4 Qf7 61. Qe5 Qd7 62. Qg5 Qd6 63. Qg3 Qf6+ 64. Kh3 Kh6 65. Qe3 Qf5+ 66.
Kh2 h4 67. Qd4 Kh5 68. Qd1+ Qg4 69. Qd5+ Kh6 70. Qe5 Qg3+ 71. Kh1 Qf3+ 72. Kh2
Qf2+ 73. Kh1 Qf1+ 74. Kh2 Qf2+ 75. Kh1 Qf1+ 76. Kh2 1/2-1/2

[Event "World Youth Girls U18 2014"]
[Site "Durban RSA"]
[Date "2014.09.23"]
[Round "6.4"]
[White "Nandhidhaa, PV"]
[Black "Styazhkina, Anna"]
[Result "1/2-1/2"]
[BlackTitle "WIM"]
[WhiteElo "2144"]
[BlackElo "2203"]
[WhiteFideId "5050847"]
[BlackFideId "24119300"]
[EventDate "2014.09.20"]

1. e4 e5 2. Nf3 Nc6 3. Nc3 Nf6 4. Bb5 Bb4 5. O-O O-O 6. d3 d6 7. Bg5 Ne7 8. Nh4
c6 9. Bc4 d5 10. exd5 cxd5 11. Bb3 Qd6 12. f4 Bxc3 13. bxc3 e4 14. dxe4 Nxe4 15.
Bxe7 Qxe7 16. Qxd5 Nxc3 17. Qe5 Qxh4 18. Qxc3 Bf5 19. Qc7 Be4 20. Rae1 Bc6 21.
Qe7 Qg4 22. Qg5 Qd7 23. f5 h6 24. Qg3 Qd4+ 25. Kh1 Qf6 26. Qe5 Qxe5 27. Rxe5
Rfe8 28. Rxe8+ Rxe8 29. Kg1 a5 30. Rf4 Re2 31. Rf2 Re1+ 32. Rf1 Re4 33. Rd1 Kf8
34. Bd5 Bxd5 35. Rxd5 Ra4 36. Rd8+ Ke7 37. Rb8 Rb4 38. a3 Rb2 39. Rc8 Kf6 40.
Rc7 b6 41. h3 Ra2 42. Rc6+ Kxf5 43. Rxb6 Rxa3 44. Rb7 Kg6 45. Ra7 a4 46. c4 f5
47. c5 Rc3 48. Rxa4 Rxc5 49. Kh2 Kg5 50. Ra7 g6 51. Rf7 f4 52. Rf8 Rc4 53. Rf7
Kh5 54. Rf6 Kg5 55. Rf8 h5 56. Rg8 Rc6 57. Rf8 Rd6 58. Kg1 Rf6 59. Re8 Kh4 60.
Kf2 g5 61. Rh8 Rb6 62. Rh7 Rb2+ 63. Kf3 Rb3+ 64. Kf2 f3 65. gxf3 Rb2+ 66. Kf1
Rh2 67. Kg1 Rxh3 68. Kg2 g4 69. fxg4 Rg3+ 70. Kh2 Rxg4 71. Rb7 Rd4 72. Rb2 1/2-1/2

[Event "World Youth Girls U18 2014"]
[Site "Durban RSA"]
[Date "2014.09.23"]
[Round "6.5"]
[White "Xiao, Yiyi"]
[Black "Michelle Catherina, P"]
[Result "1/2-1/2"]
[WhiteTitle "WFM"]
[WhiteElo "2168"]
[BlackElo "2114"]
[WhiteFideId "8606161"]
[BlackFideId "5005736"]
[EventDate "2014.09.20"]

1. d4 Nf6 2. c4 e6 3. Nf3 d5 4. Nc3 Bb4 5. Bg5 Nbd7 6. cxd5 exd5 7. e3 c5 8. Bd3
c4 9. Bf5 Nb6 10. Qc2 Qd6 11. Nd2 Bxf5 12. Qxf5 Qe6 13. Qxe6+ fxe6 14. Rc1 Bxc3
15. Rxc3 Na4 16. Rc2 b5 17. b3 Nb6 18. Ke2 Kf7 19. a4 cxb3 20. Rc7+ Kg6 21. Bxf6
gxf6 22. a5 Nc4 23. Nxb3 Rhc8 24. Re7 Re8 25. Rb7 Reb8 26. Rd7 Rd8 27. Rxd8 Rxd8
28. a6 b4 29. Rb1 Rb8 30. Kd3 f5 31. f3 Na3 32. Rb2 Nc4 33. Rb1 Na3 34. Rb2 Nc4
35. Rb1 1/2-1/2

[Event "World Youth Girls U18 2014"]
[Site "Durban RSA"]
[Date "2014.09.23"]
[Round "6.6"]
[White "Dragieva, Denitza"]
[Black "Hoare, Amy B"]
[Result "1/2-1/2"]
[WhiteTitle "WFM"]
[WhiteElo "2066"]
[BlackElo "1981"]
[WhiteFideId "2907232"]
[BlackFideId "418366"]
[EventDate "2014.09.20"]

1. d4 d5 2. Nf3 Nf6 3. Bf4 e6 4. e3 Be7 5. Bd3 O-O 6. h3 Nbd7 7. O-O c5 8. c3 b6
9. Nbd2 Bb7 10. Qb1 h6 11. b4 cxd4 12. cxd4 a5 13. bxa5 Rxa5 14. a4 Qa8 15. Bb5
Rc8 16. Rc1 Bc6 17. Nb3 Ra7 18. Qc2 Bb7 19. Qd3 Bc6 20. a5 bxa5 21. Rxa5 Bxb5
22. Rxc8+ Qxc8 23. Qxb5 Rb7 24. Qa6 Nb8 25. Qd3 Nc6 26. Rb5 Nb4 27. Rxb7 Nxd3
28. Rb8 Qxb8 29. Bxb8 Ne4 30. Bg3 Nxg3 31. fxg3 Bd6 32. g4 Bg3 33. Kf1 Kf8 34.
Ke2 Nb2 35. Nc5 Nc4 36. g5 hxg5 37. Nxg5 Ke7 38. e4 Bf4 39. Nf3 dxe4 40. Nxe4
Nd6 41. Kd3 Nxe4 42. Kxe4 Bg3 43. d5 f5+ 44. Kd4 Bf2+ 45. Kc4 exd5+ 46. Kxd5 Kf6
47. g4 fxg4 48. hxg4 Be3 49. Ke4 Bc1 50. Kd5 1/2-1/2

[Event "World Youth Girls U18 2014"]
[Site "Durban RSA"]
[Date "2014.09.23"]
[Round "6.7"]
[White "Utiatskaja, Irina"]
[Black "Parnali, S Dharia"]
[Result "1-0"]
[WhiteElo "2047"]
[BlackElo "1919"]
[WhiteFideId "24140848"]
[BlackFideId "5043131"]
[EventDate "2014.09.20"]

1. e4 e5 2. Nf3 Nc6 3. Bb5 a6 4. Ba4 Nf6 5. O-O b5 6. Bb3 Bc5 7. a4 Rb8 8. Nxe5
Nxe5 9. d4 Bxd4 10. Qxd4 d6 11. axb5 axb5 12. f4 Nc6 13. Qd2 O-O 14. Nc3 Be6 15.
Bxe6 fxe6 16. e5 dxe5 17. Qxd8 Rfxd8 18. fxe5 Ng4 19. Bf4 b4 20. Ne2 Ngxe5 21.
Rfe1 Rd5 22. Ra6 b3 23. cxb3 Rxb3 24. Bxe5 Nxe5 25. Nf4 Nd3 26. Re3 Rd4 27. Nxe6
Rc4 28. h3 h6 29. Ra7 Rc1+ 30. Kh2 Re1 31. Rxe1 Nxe1 32. Rxc7 g5 33. Rc1 Re3 34.
Nd4 Re4 35. Rc4 g4 36. b4 Nd3 37. b5 Ne5 38. Rc8+ Kh7 39. Nf5 gxh3 40. Kxh3 Kg6
41. Ne7+ Kf6 42. Nd5+ Ke6 43. b6 Kxd5 44. b7 Re3+ 45. g3 Nd7 46. Rd8 Rb3 47.
Rxd7+ Ke6 48. Rc7 Kf6 49. Kg4 Rb4+ 50. Kf3 Ke5 51. Rh7 Kf5 52. Kg2 Kg6 53. Rd7
h5 54. Kf3 Kf5 55. Ke3 Ke6 56. Rh7 Kd6 57. Rf7 Ke6 58. Rg7 Kd6 59. Rh7 Kc6 60.
Rxh5 Rxb7 61. Re5 Kd6 62. Kf4 Rb4+ 63. Kf5 Rb3 64. Re6+ Kd5 65. Rg6 Rf3+ 66. Kg4
Rf8 67. Kg5 Ke4 68. g4 Kf3 69. Rg7 Kg3 70. Rg6 Kf3 71. Kh6 Kf4 72. g5 Rh8+ 73.
Kg7 Ra8 74. Kh7 Ra7+ 75. Kh6 Ra8 76. Rf6+ Ke5 77. Rf1 Ke6 78. g6 Rh8+ 79. Kg7
Rh3 80. Re1+ Kf5 81. Kf7 Rh6 82. Rf1+ 1-0

[Event "World Youth Girls U18 2014"]
[Site "Durban RSA"]
[Date "2014.09.23"]
[Round "6.8"]
[White "Navrotescu, Andreea-Cristiana"]
[Black "Fischer, Julie"]
[Result "0-1"]
[WhiteTitle "WFM"]
[WhiteElo "2208"]
[BlackElo "1960"]
[WhiteFideId "675946"]
[BlackFideId "699969"]
[EventDate "2014.09.20"]

1. d4 Nf6 2. Nf3 e6 3. e3 b6 4. Bd3 Bb7 5. O-O c5 6. c4 cxd4 7. exd4 d5 8. cxd5
Nxd5 9. Ne5 a6 10. f4 Ne7 11. Qe2 Nd7 12. Nc3 Nxe5 13. dxe5 Nf5 14. Rd1 Bc5+ 15.
Kh1 Qh4 16. Bxf5 exf5 17. Be3 Bxe3 18. Qxe3 O-O 19. Qxb6 Rab8 20. Qe3 Rfd8 21.
Kg1 Qe7 22. Rxd8+ Rxd8 23. Rd1 Rxd1+ 24. Nxd1 Qb4 25. Qc3 Qb6+ 26. Ne3 g6 27. b4
Qe6 28. Qd2 Kg7 29. a3 Qb3 30. Qc1 Qd3 31. Kf2 Qe4 32. Qc4 Qb1 33. Qc3 Kg8 34.
Kg3 Qe4 35. Qd2 Kg7 36. Qc3 g5 37. e6+ Kg6 38. Qe5 Qxe5 39. fxe5 f4+ 0-1

[Event "World Youth Girls U18 2014"]
[Site "Durban RSA"]
[Date "2014.09.23"]
[Round "6.9"]
[White "Dziodzio, Angelika"]
[Black "Ren, Xiaoyi"]
[Result "1-0"]
[WhiteElo "1991"]
[BlackElo "2134"]
[WhiteFideId "1170643"]
[BlackFideId "8608709"]
[EventDate "2014.09.20"]

1. e4 c5 2. Nf3 e6 3. c4 Nc6 4. Nc3 Nge7 5. d4 Nxd4 6. Nxd4 cxd4 7. Qxd4 Nc6 8.
Qd1 Bc5 9. Be2 O-O 10. O-O d6 11. a3 a6 12. b4 Ba7 13. Bb2 e5 14. Nd5 Be6 15.
Bd3 Nd4 16. Kh1 f5 17. f4 Bxd5 18. cxd5 Qh4 19. g3 Qh3 20. fxe5 dxe5 21. Rc1 f4
22. gxf4 Rxf4 23. Rxf4 exf4 24. Rc7 g6 25. d6 Qe3 26. d7 Rd8 27. Rxb7 Ne6 28.
Bf6 f3 29. Bxd8 f2 30. Bh4 Kg7 1-0

[Event "World Youth Girls U18 2014"]
[Site "Durban RSA"]
[Date "2014.09.23"]
[Round "6.11"]
[White "Ichimura G. Barbosa, Larissa Y."]
[Black "Nevioselaya, Maria"]
[Result "1/2-1/2"]
[WhiteElo "1952"]
[BlackElo "2024"]
[WhiteFideId "2126753"]
[BlackFideId "13502280"]
[EventDate "2014.09.20"]

1. e4 e5 2. Nf3 Nc6 3. Bb5 a6 4. Ba4 Nf6 5. d3 d6 6. c3 Be7 7. O-O O-O 8. Re1 b5
9. Bc2 Re8 10. a4 Bb7 11. Nbd2 Bf8 12. Nf1 h6 13. Ng3 g6 14. h4 h5 15. Bg5 Be7
16. d4 Nd7 17. Bb3 Bf6 18. Ba2 Na7 19. Bxf6 Nxf6 20. Ng5 Rf8 21. Qf3 c5 22. dxe5
dxe5 23. Nf5 gxf5 24. Qxf5 c4 25. Re3 Qe7 26. Rf3 Kg7 27. Rg3 Kh8 28. Rf3 Kg7
29. Rg3 Kh8 30. Rf3 Kg7 31. Rg3 Kh8 1/2-1/2

[Event "World Youth Girls U18 2014"]
[Site "Durban RSA"]
[Date "2014.09.23"]
[Round "6.12"]
[White "Grgic, Neomi"]
[Black "Cosman, Andreea-Marioara"]
[Result "0-1"]
[WhiteElo "1935"]
[BlackElo "2018"]
[WhiteFideId "14520842"]
[BlackFideId "1217968"]
[EventDate "2014.09.20"]

1. e4 c5 2. Nf3 d6 3. d4 cxd4 4. Nxd4 Nf6 5. Nc3 a6 6. Bg5 e6 7. Qf3 h6 8. Be3
Nbd7 9. O-O-O Qc7 10. Qg3 b5 11. Bxb5 axb5 12. Ndxb5 Qb8 13. Nxd6+ Bxd6 14. Qxd6
Qxd6 15. Rxd6 Ke7 16. Rdd1 Bb7 17. f3 Rhc8 18. Kd2 Ne5 19. b3 Rc6 20. Na4 Nc4+
21. bxc4 Rxa4 22. Rb1 Ba6 23. e5 Nd7 24. Rb3 Rxa2 25. Rc3 Nxe5 26. Bf2 Nxc4+ 27.
Ke2 Nb6+ 28. Kd2 Na4 29. Rb3 Nc5 30. Rc3 Nb3+ 31. Rxb3 Rcxc2+ 32. Ke3 Rxf2 0-1

[Event "World Youth Girls U18 2014"]
[Site "Durban RSA"]
[Date "2014.09.23"]
[Round "6.13"]
[White "Machlik, Monika"]
[Black "Leonardi, Caterina"]
[Result "1/2-1/2"]
[WhiteElo "2005"]
[BlackElo "1903"]
[WhiteFideId "1513621"]
[BlackFideId "14601036"]
[EventDate "2014.09.20"]

1. d4 d5 2. c4 c6 3. Nc3 Nf6 4. e3 a6 5. Nf3 b5 6. b3 Bg4 7. Be2 e6 8. O-O Bb4
9. Qc2 O-O 10. h3 Bxf3 11. Bxf3 Qa5 12. Qd3 Nbd7 13. e4 bxc4 14. bxc4 Ba3 15.
Bxa3 Qxa3 16. e5 Ne8 17. Rab1 Nc7 18. Rb3 Qe7 19. Rfb1 Rfc8 20. cxd5 cxd5 21.
Bd1 Rab8 22. Bc2 g6 23. Rxb8 Rxb8 24. Rxb8+ Nxb8 25. Ba4 Qb4 26. Qb1 Qxc3 27.
Qxb8+ Kg7 28. Bd7 Qa5 29. Qd8 Qc3 30. Qf6+ Kg8 31. Qd8+ Kg7 32. Qf6+ Kg8 33.
Qd8+ Kg7 1/2-1/2

[Event "World Youth Girls U18 2014"]
[Site "Durban RSA"]
[Date "2014.09.23"]
[Round "6.14"]
[White "Doan, Thi Hong Nhung"]
[Black "Diederichs, Luise"]
[Result "1-0"]
[WhiteElo "1903"]
[BlackElo "1992"]
[WhiteFideId "12403547"]
[BlackFideId "24661597"]
[EventDate "2014.09.20"]

1. d4 g6 2. c4 Bg7 3. Nc3 d6 4. e4 Nf6 5. f3 Nbd7 6. Be3 b6 7. Qd2 h6 8. Bd3 Bb7
9. Nge2 c5 10. O-O cxd4 11. Nxd4 Ne5 12. Be2 Rc8 13. b3 Nfd7 14. Rac1 Nc5 15.
Rfd1 Nc6 16. Ncb5 Nxd4 17. Bxd4 Bxd4+ 18. Qxd4 O-O 19. Qe3 a6 20. Nc3 Kh7 21. e5
Qc7 22. exd6 exd6 23. b4 Nd7 24. Rd4 Rfe8 25. Qd2 Re6 26. Bd3 Ne5 27. Rh4 h5 28.
Rxh5+ Kg8 29. Rh4 Bxf3 30. Qh6 Bh5 31. Nd5 Qd8 32. Rxh5 1-0

[Event "World Youth Girls U18 2014"]
[Site "Durban RSA"]
[Date "2014.09.23"]
[Round "6.15"]
[White "Wafa, Shrook"]
[Black "Foster, Chantelle L"]
[Result "1/2-1/2"]
[WhiteTitle "WGM"]
[WhiteElo "2141"]
[BlackElo "1840"]
[WhiteFideId "10609970"]
[BlackFideId "408476"]
[EventDate "2014.09.20"]

1. e4 c5 2. Nf3 e6 3. d4 cxd4 4. Nxd4 Nc6 5. Nc3 Qc7 6. Be3 a6 7. Qd2 Nf6 8. Be2
Be7 9. O-O O-O 10. f4 d5 11. e5 Ne4 12. Nxe4 dxe4 13. Qc3 Bd7 14. Rad1 Rac8 15.
Nxc6 Qxc6 16. Qxc6 Bxc6 17. Bb6 Bd5 18. c4 Bxc4 19. Bxc4 Rxc4 20. Rd7 Rb4 21.
Rxe7 Rxb6 22. b3 Rc8 23. Rd1 Rbc6 24. Rxb7 Rc2 25. Rbd7 h6 26. R1d2 e3 27. Rxc2
Rxc2 28. Rd8+ Kh7 29. Kf1 Rxa2 30. Rd3 e2+ 31. Ke1 Rb2 32. h4 h5 33. Rg3 a5 34.
Rf3 Kg6 35. Rg3+ Kh6 36. Rf3 Kg6 37. Rg3+ Kf5 38. Rxg7 Kxf4 39. Rxf7+ Ke4 40.
Rf6 Kxe5 41. Rh6 Kf4 42. Rxe6 Kg3 43. Re5 Kxh4 44. Rxa5 Kg3 45. Rg5+ Kh4 46. Re5
Kg3 47. Rg5+ 1/2-1/2

[Event "World Youth Girls U18 2014"]
[Site "Durban RSA"]
[Date "2014.09.23"]
[Round "6.16"]
[White "Regam, Jessica"]
[Black "Adanmis, Ezgi"]
[Result "1-0"]
[WhiteTitle "WFM"]
[WhiteElo "2031"]
[BlackElo "1546"]
[WhiteFideId "2033496"]
[BlackFideId "6360017"]
[EventDate "2014.09.20"]

1. e4 e6 2. d4 d5 3. e5 c5 4. c3 Nc6 5. Nf3 Bd7 6. Be2 Rc8 7. O-O cxd4 8. cxd4
Qb6 9. Na3 Nb4 10. Bd2 Nh6 11. Bc3 Nf5 12. g4 Ne7 13. Qd2 Ng6 14. h4 h5 15. g5
a5 16. Rfc1 Ne7 17. Bxb4 Rxc1+ 18. Rxc1 axb4 19. Nc2 Nc6 20. b3 Be7 21. Bd3 g6
22. Qf4 O-O 23. Ne3 Ra8 24. Bb1 Qd8 25. Nf1 Na7 26. Ng3 Be8 27. Qe3 Nb5 28. Nxh5
Nc3 29. Nf6+ Bxf6 30. gxf6 Bb5 31. Rxc3 bxc3 32. Qg5 Kf8 33. h5 Ke8 34. hxg6
fxg6 35. Qxg6+ Kd7 36. Qf7+ Kc6 37. Qxe6+ Kc7 38. Ng5 Rxa2 39. Qf5 Ra1 40. Ne6+ 1-0

[Event "World Youth Girls U18 2014"]
[Site "Durban RSA"]
[Date "2014.09.23"]
[Round "6.17"]
[White "Rodsmoen, Maud"]
[Black "Abdi, Zineb Dina"]
[Result "1/2-1/2"]
[BlackTitle "WIM"]
[WhiteElo "1901"]
[BlackElo "1911"]
[WhiteFideId "1510550"]
[BlackFideId "7900880"]
[EventDate "2014.09.20"]

1. e4 e5 2. Nf3 Nc6 3. Bb5 a6 4. Ba4 Nf6 5. O-O b5 6. Bb3 Be7 7. Re1 O-O 8. h3
d6 9. c3 Na5 10. Bc2 c5 11. d4 Qc7 12. d5 Bd7 13. Nbd2 Ne8 14. Nf1 g6 15. Ng3
Ng7 16. a4 f6 17. Be3 Nc4 18. Bc1 Rfb8 19. Qe2 Na5 20. Ra2 Nb7 21. Be3 Qc8 22.
Rea1 f5 23. exf5 gxf5 24. Bg5 Bxg5 25. Nxg5 Qd8 26. Qd2 c4 27. axb5 axb5 28.
Rxa8 Rxa8 29. Rxa8 Qxa8 30. Ne6 f4 31. Nxg7 Kxg7 32. Nh5+ Kh8 33. Nf6 Qd8 34.
Nxh7 Nc5 35. Qe2 Qh4 36. Nf8 Qg5 37. h4 Qg4 38. f3 Qg7 39. Ng6+ Kg8 40. h5 Qh6
41. Qd1 Qxh5 42. Qa1 e4 43. Nxf4 Qg5 44. Ne6 Qe3+ 45. Kh1 Qh6+ 46. Kg1 Qe3+ 47.
Kh1 1/2-1/2

[Event "World Youth Girls U18 2014"]
[Site "Durban RSA"]
[Date "2014.09.23"]
[Round "6.19"]
[White "Hiebler, Laura"]
[Black "Yashora, Tiumi"]
[Result "1/2-1/2"]
[WhiteElo "1901"]
[BlackElo "1706"]
[WhiteFideId "1617621"]
[BlackFideId "9903534"]
[EventDate "2014.09.20"]

1. c4 c5 2. Nc3 Nf6 3. g3 d5 4. cxd5 Nxd5 5. Bg2 Nc7 6. Nf3 Nc6 7. O-O e5 8. d3
Be7 9. Be3 Be6 10. Na4 b6 11. Qd2 O-O 12. Nc3 Nd5 13. Rfd1 Rc8 14. Ng5 Bxg5 15.
Bxg5 f6 16. Nxd5 Bxd5 17. Be3 Bxg2 18. Kxg2 Nb4 19. a3 Qd5+ 20. Kg1 Nc6 21. Rdc1
Na5 22. b4 Nb3 23. Qa2 Rfd8 24. bxc5 Nxa1 25. Qxd5+ Rxd5 26. Rxa1 bxc5 27. Rc1
Kf7 28. Kf1 Ke6 29. Ke1 Kd7 30. Rc4 Kc6 31. Kd2 Rb8 32. Kc2 Rb5 33. f3 Kb7 34.
Ra4 Rd6 35. Rc4 Rdb6 36. Bxc5 Rb2+ 37. Kd1 Rb1+ 38. Kd2 R6b2+ 39. Rc2 Rxc2+ 40.
Kxc2 Rb5 41. Bf8 g6 42. e4 Kc6 43. h4 f5 44. exf5 gxf5 45. g4 fxg4 46. fxg4 Rd5
47. g5 Rd4 48. h5 Rh4 49. h6 Rg4 50. Be7 a6 51. Kc3 Kd7 52. Bf6 Ke6 53. Kb3 1/2-1/2